| 000 | 01175nam a22002897a 4500 | ||
|---|---|---|---|
| 999 |
_c7710 _d7710 |
||
| 005 | 20181003075913.0 | ||
| 008 | 110314s2006 ck a gr 00 10 spa d | ||
| 020 | _a9789588151854 | ||
| 040 |
_aCO-BoIAVH _cCO-BoIAVH |
||
| 041 | 0 | _aspa | |
| 044 | _ack | ||
| 082 | 0 | 4 |
_a306.42 _bH21c0 |
| 100 | 1 |
_aGarcía, Paola. _92282 |
|
| 245 | 1 | 0 |
_aConocimiento ancestral y biodiversidad: _bconsideraciones generales / _cPaola García, Juanita Chaves, Enrique Sánchez. |
| 260 |
_aBogotá _bInstituto Alexander von Humboldt _bWWF Colombia _bPCN _c2006. |
||
| 300 |
_a28 p. : _bil. ; _c21 cm. |
||
| 490 | 0 |
_aMateriales de trabajo para organizaciones y comunidades negras ; _vcuaderno 0 |
|
| 650 | 4 |
_aDiversidad biológica _z Colombia. _9101350 |
|
| 650 | 4 |
_aConservación de la diversidad biológica _z Colombia. _9101351 |
|
| 650 |
_aConservación de los recursos naturales _z Colombia. _9101352 |
||
| 650 |
_aIdentidad cultural _z Colombia. _9101353 |
||
| 650 | 4 |
_aConocimiento ecológico tradicional _z Colombia. _9101354 |
|
| 650 | 4 |
_aConocimiento tradicional _zColombia _9101355 |
|
| 700 | 1 |
_aChaves, Juanita. _92285 |
|
| 700 | 1 |
_aSánchez, Enrique. _92284 |
|
| 942 |
_2ddc _cFolleto _01 |
||